Avant-Propos
Salvato in:
| Autore principale: | |
|---|---|
| Natura: | Capitolo di libro |
| Lingua: | francese |
| Tags: |
Nessun Tag, puoi essere il primo ad aggiungerne!!
|
MARC
| LEADER | 00000naa$a2200000$$$4500 | ||
|---|---|---|---|
| 001 | 0306451 | ||
| 005 | 20250124111450.4 | ||
| 041 | 0 | |a fre | |
| 044 | |a RO | ||
| 245 | 1 | 0 | |a Avant-Propos |c Andrea Tureková |
| 100 | 1 | |a Tureková, Andrea, 1979- | |